[Event "IECC CL5-2009.06 email"]
[Site "IECC email"]
[Date "2009.03.27"]
[Round "?"]
[White "Pohoryles, Ronald"]
[Black "Vann, Robin"]
[Result "1-0"]
[WhiteElo "1514"]
[BlackElo "1559"]
[PlyCount "67"]
[EventDate "2009.??.??"]
[EventType "tourn (corr)"]
[EventRounds "4"]
[SourceTitle "Telechess CBM 137"]
[Source "ChessBase"]
[SourceDate "2010.07.15"]
[SourceVersion "1"]
[SourceVersionDate "2010.07.15"]
[SourceQuality "1"]
[WhiteTeam "Austria"]
[BlackTeam "England"]
[WhiteTeamCountry "AUT"]
[BlackTeamCountry "ENG"]

1. e4 c5 2. Nf3 d6 3. d4 cxd4 4. Nxd4 Nf6 5. Nc3 a6 6. Bc4 e6 7. a4 Be7 8. 0-0 0-0 9. Qf3 Qc7 10. Ba2 Nbd7 11. Qg3 Ne5 12. f4 Nc6 13. Be3 Bd7 14. f5 Nxd4 15. Bxd4 e5 16. Be3 Nh5 17. Qf3 Nf4 18. Bxf4 exf4 19. Nd5 Qc5+ 20. Qf2 Qxf2+ 21. Kxf2 Bg5 22. Kf3 Bc6 23. Kg4 Bxd5 24. Kxg5 Bxe4 25. Rxf4 Bxc2 26. Bd5 g6 27. fxg6 hxg6 28. Re1 Rab8 29. Re7 b5 30. Bxf7+ Rxf7 31. Rfxf7 d5 32. Rg7+ Kh8 33. Rh7+ Kg8 34. Kh6 1-0

[Event "IECC CL5-2009.06 email"]
[Site "IECC email"]
[Date "2009.03.27"]
[Round "?"]
[White "Wood, Brian B"]
[Black "Pohoryles, Ronald"]
[Result "0-1"]
[WhiteElo "1492"]
[BlackElo "1523"]
[PlyCount "54"]
[EventDate "2009.??.??"]
[EventType "tourn (corr)"]
[EventRounds "4"]
[SourceTitle "Telechess CBM 137"]
[Source "ChessBase"]
[SourceDate "2010.07.15"]
[SourceVersion "1"]
[SourceVersionDate "2010.07.15"]
[SourceQuality "1"]
[WhiteTeam "US of America"]
[BlackTeam "Austria"]
[WhiteTeamCountry "USA"]
[BlackTeamCountry "AUT"]

1. d4 f5 2. c4 e6 3. g3 Nf6 4. Bg2 d5 5. Nf3 c6 6. 0-0 Be7 7. cxd5 cxd5 8. Nc3 0-0 9. Bf4 Nc6 10. Rc1 Nh5 11. Bd2 Qb6 12. Na4 Qa6 13. a3 Bd7 14. Nc5 Bxc5 15. dxc5 e5 16. Bc3 d4 17. Nxe5 dxc3 18. Qd5+ Kh8 19. Nf7+ Rxf7 20. Qxf7 cxb2 21. Rcd1 Nf6 22. Rxd7 Nxd7 23. Qxd7 Rd8 24. Qxf5 Nd4 25. Qe5 Nxe2+ 26. Kh1 Nxg3+ 27. Qxg3 Qxf1+ 0-1

[Event "IECC M email"]
[Site "IECC email"]
[Date "2001.08.15"]
[Round "?"]
[White "Pohoryles, Ronald"]
[Black "Stoffers, Jeffrey"]
[Result "1/2-1/2"]
[WhiteElo "1510"]
[BlackElo "1623"]
[PlyCount "67"]
[EventDate "2001.??.??"]
[EventType "tourn (corr)"]
[EventRounds "6"]
[SourceTitle "Corr 2008"]
[Source "ChessBase"]
[SourceDate "2008.06.24"]
[SourceVersion "1"]
[SourceVersionDate "2008.06.24"]
[SourceQuality "1"]

1. e4 c5 2. Nf3 d6 3. d4 cxd4 4. Nxd4 Nf6 5. Nc3 g6 6. Bc4 Nc6 7. Nxc6 bxc6 8. e5 Nd7 9. exd6 exd6 10. 0-0 Ne5 11. Re1 Be7 12. Bb3 0-0 13. Bh6 Re8 14. Bf4 Bf6 15. Ne4 d5 16. Nxf6+ Qxf6 17. Qd2 Ba6 18. Bg5 Qf5 19. f4 Nc4 20. Qc3 Qd7 21. Bxc4 Bxc4 22. Qf6 Rxe1+ 23. Rxe1 Re8 24. Rxe8+ Qxe8 25. h3 Qe6 26. b3 Qxf6 27. Bxf6 Be2 28. Kf2 Bd1 29. c3 Bc2 30. Ke3 Kf8 31. g4 Ke8 32. Kd4 h5 33. Ke5 Kd7 34. b4 1/2-1/2

[Event "IECC CL5-2001.24"]
[Site "IECC email"]
[Date "2001.08.10"]
[Round "?"]
[White "Corthals, Ivo"]
[Black "Pohoryles, Ronald"]
[Result "1/2-1/2"]
[WhiteElo "1460"]
[BlackElo "1512"]
[PlyCount "46"]
[EventDate "2001.??.??"]
[EventType "tourn (corr)"]
[EventRounds "4"]
[SourceTitle "Corr 2015"]
[Source "ChessBase"]
[SourceDate "2015.07.17"]
[SourceVersion "1"]
[SourceVersionDate "2015.07.17"]
[SourceQuality "1"]

1. d4 d5 2. c4 e6 3. Nc3 Nf6 4. Bg5 Be7 5. e3 a6 6. h3 dxc4 7. Bxc4 b5 8. Be2 Nbd7 9. Bf3 Rb8 10. Nge2 Bb7 11. Bxb7 Rxb7 12. Qc2 c5 13. 0-0 b4 14. Ne4 cxd4 15. Bxf6 Nxf6 16. Nxd4 0-0 17. Nc6 Qc7 18. Rac1 Nd5 19. Qa4 f5 20. Nd4 Qd7 21. Qxd7 Rxd7 22. Nc5 Bxc5 23. Rxc5 Nf4 1/2-1/2